000 00532nam a2200169Ia 4500
008 090201s9999 xx 000 0 und d
010 _aKPL-14487
040 _bमराठी
041 _aमराठी
082 _a31297
_b14487
100 _aभाऊ पाध्ये
245 _aहोमसिक ब्रिगेड
_cभाऊ पाध्ये
260 _c2004
_bअमेय प्रकाशन
300 _a194
_bमोठा
600 _aहोमसिक ब्रिगेड
942 _cBOOK
999 _c229771
_d229771